Thiết kế mẫu một số mođun giáo dục môi trường

Cuốn sách này dành cho các lớp tập huấn, bồi dưỡng giáo viên về giáo dục môi trường. Nội dung quyển sách giới thiệu các cách trong giáo dục. Gíơi thiệu môi trường sinh thái và các vấn đề môi trường hiện nay. Qua đó thiết kế các chưo...

Full beskrivning

Sparad:
Bibliografiska uppgifter
Institutionell upphovsman: Bộ Giáo dục và Đào tạo
Materialtyp: Bok
Språk:Undetermined
Publicerad: Hà Nội Nhà xuất bản Hà Nội 2004
Ämnen:
Taggar: Lägg till en tagg
Inga taggar, Lägg till första taggen!
Thư viện lưu trữ: Trung tâm Học liệu Trường Đại học Cần Thơ
LEADER 01074nam a2200193Ia 4500
001 CTU_90956
008 210402s9999 xx 000 0 und d
082 |a 577.0712 
082 |b B450 
110 |a Bộ Giáo dục và Đào tạo 
245 0 |a Thiết kế mẫu một số mođun giáo dục môi trường 
245 0 |c Bộ Giáo dục và Đào tạo 
260 |a Hà Nội 
260 |b Nhà xuất bản Hà Nội 
260 |c 2004 
520 |a Cuốn sách này dành cho các lớp tập huấn, bồi dưỡng giáo viên về giáo dục môi trường. Nội dung quyển sách giới thiệu các cách trong giáo dục. Gíơi thiệu môi trường sinh thái và các vấn đề môi trường hiện nay. Qua đó thiết kế các chương trình giáo dục môi trường cho học sinh. 
650 |a Teaching methods,Environmental education 
904 |i Tuyến (Năm tt) 
980 |a Trung tâm Học liệu Trường Đại học Cần Thơ